Boston Celtics' Players - Statistics

General Stats
  • This quiz has been taken 842 times
  • The average score is 11 of 15
Answer Stats
Hint Answer % Correct
Brandon Bass 3
98%
Rajon Rondo 9
96%
Kevin Garnett 5
95%
Marquis Daniels 4
93%
Ray Allen 20
90%
Paul Pierce 34
88%
Jermaine O'Neal 7
87%
JaJuan Johnson 12
82%
Aleksander 'Sasha' Pavlovic 11
79%
Avery Bradley 0
71%
Mikael Pietrus 28
70%
Ryan Hollins 50
39%
E'Twaun Moore 55
36%
Keyon Dooling 51
35%
Greg Stiemsma 54
31%
No matching quizzes found
Score Distribution
Percent of People with Each Score
Percentile by Number Answered
Your Score History
You have not taken this quiz